Half of UK Chocolate & Candy quiz - Statistics

General Stats
  • This quiz has been taken 215 times
  • The average score is 13 of 15
Answer Stats
Picture Answer % Correct
Twix
100%
Nutella
99%
Mars Bar
98%
Bounty
97%
Skittles
96%
Flake
95%
Aero
92%
Maoam
90%
Wine gums
86%
Yorkie
85%
Cola bottles
83%
Tic Tacs
75%
Starbursts
74%
Jelly babies
70%
Lion Bar
56%
No matching quizzes found
Score Distribution
Percent of People with Each Score
Percentile by Number Answered
Your Score History
You have not taken this quiz